[Event "73. Bezirkseinzelmeisterschaft 2018-19"]
[Site "Dortmund"]
[Date "2019.08.16"]
[Round "5.8"]
[White "Kaluza, Lucas"]
[Black "Barskij, Aleksandr"]
[Result "1/2-1/2"]
[WhiteElo "1528"]
[BlackElo "1890"]
[PlyCount "130"]
[EventDate "2019.??.??"]
[WhiteTeam "SF Brackel"]
[BlackTeam "SF Brackel"]

1. e4 c5 2. d4 cxd4 3. c3 d3 4. Bxd3 Nc6 5. c4 g6 6. Nf3 Bg7 7. O-O d6 8. h3
Nf6 9. Be3 O-O 10. Nc3 Be6 11. Rc1 Rc8 12. Qe2 Nd7 13. Bb1 Nde5 14. Nxe5 Nxe5
15. b3 Qa5 16. Nb5 Nc6 17. Rfd1 a6 18. Nd4 Nxd4 19. Bxd4 Bxd4 20. Rxd4 Qc5 21.
Qd2 b5 22. Kh1 bxc4 23. f4 c3 24. Qd1 Rc7 25. f5 Bc8 26. Rc4 Qb6 27. R4xc3 Rxc3
28. Rxc3 Bb7 29. Qg4 d5 30. Rc1 dxe4 31. Bxe4 Qe3 32. Rc4 Qe1+ 33. Kh2 Bxe4 34.
Rxe4 Qd2 35. fxg6 hxg6 36. a4 Qd6+ 37. Kh1 Rb8 38. Rd4 Qf6 39. Rb4 Rd8 40. Rf4
Qd6 41. Qf3 Qd1+ 42. Qxd1 Rxd1+ 43. Kh2 a5 44. Re4 e6 45. b4 axb4 46. Rxb4 Ra1
47. Kg3 Kf8 48. Kf4 f6 49. g4 Ke7 50. Ke4 f5+ 51. Ke5 Re1+ 52. Kf4 Kd6 53. a5
e5+ 54. Kg5 Ra1 55. Kxg6 fxg4 56. hxg4 Rxa5 57. g5 Kd5 58. Kh6 Ra1 59. Rh4 e4
60. g6 Rg1 61. g7 e3 62. Rh5+ Kd4 63. Rg5 Rxg5 64. Kxg5 e2 65. g8=Q e1=Q
1/2-1/2

[Event "73. Bezirkseinzelmeisterschaft 2018-19"]
[Site "Dortmund"]
[Date "2019.08.16"]
[Round "5.9"]
[White "Kantor, Nikita"]
[Black "Borch, Roland"]
[Result "1-0"]
[WhiteElo "1847"]
[BlackElo "1520"]
[PlyCount "83"]
[EventDate "2019.??.??"]
[WhiteTeam "SF Brackel"]
[BlackTeam "Marten-Bövinghausen"]

1. e3 Nf6 2. Nf3 g6 3. b4 Bg7 4. Bb2 O-O 5. c4 c5 6. b5 d5 7. Qb3 Bf5 8. cxd5
Bxb1 9. Rxb1 Nxd5 10. Bxg7 Kxg7 11. Bc4 e6 12. O-O Nb6 13. Be2 N8d7 $11 14. a4
Rc8 15. Rfc1 Nd5 16. e4 Nf4 17. Bf1 e5 18. g3 Ne6 19. Bh3 Re8 20. Qe3 f6 21. d3
Qe7 22. Nd2 Ndf8 23. a5 b6 24. axb6 axb6 25. f4 Ra8 26. Nc4 Qc7 27. fxe5 fxe5
28. Rc2 Nd4 29. Rf2 Nfe6 30. Rbf1 Rf8 31. Bxe6 Nxe6 32. Rxf8 Rxf8 33. Rxf8 Kxf8
34. Qh6+ Kg8 35. Qh4 Kg7 36. Kg2 h6 37. Ne3 Nd4 38. Nd5 Qf7 39. Qe7 Nxb5 40.
Qxe5+ Kf8 41. Qh8+ Qg8 42. Qxh6+ 1-0

[Event "73. Bezirkseinzelmeisterschaft 2018-19"]
[Site "Dortmund"]
[Date "2019.08.16"]
[Round "5.10"]
[White "Ziemek, Gerhard"]
[Black "Lauche, Christoph"]
[Result "1/2-1/2"]
[WhiteElo "1519"]
[BlackElo "1775"]
[PlyCount "25"]
[EventDate "2019.??.??"]
[WhiteTeam "Marten-Bövinghausen"]
[BlackTeam "FS 98 Dortmund"]

1. d4 d5 2. e4 e6 3. Nc3 dxe4 4. Nxe4 Nf6 5. Bd3 Nbd7 6. Nf3 Be7 7. O-O O-O 8.
Bd2 b6 9. Qe2 Bb7 10. Rad1 Nxe4 11. Bxe4 Bxe4 12. Qxe4 Nf6 13. Qe2 1/2-1/2

[Event "73. Bezirkseinzelmeisterschaft 2018-19"]
[Site "Dortmund"]
[Date "2019.08.16"]
[Round "5.12"]
[White "Winkler, Daniel"]
[Black "Tomasjan, Samuel"]
[Result "0-1"]
[WhiteElo "1364"]
[BlackElo "1662"]
[PlyCount "87"]
[EventDate "2019.??.??"]
[WhiteTeam "SV Eichlinghofen"]
[BlackTeam "SF Brackel"]

1. e4 e6 2. d4 d5 3. e5 c5 4. Nf3 Nc6 5. Be3 Qb6 6. b3 cxd4 7. Bxd4 Nxd4 8.
Nxd4 Bc5 9. c3 Ne7 10. Bb5+ Kf8 11. Be2 Bxd4 12. Qxd4 Qxd4 13. cxd4 Nc6 14. O-O
Nxd4 15. Bd3 b6 16. Nd2 a5 17. a4 Ba6 18. Bxa6 Rxa6 19. Rac1 Ne2+ 20. Kh1 Nxc1
21. Rxc1 g6 22. Rc7 Kg7 23. Nf3 Raa8 24. Ng5 Rhc8 25. Rxf7+ Kg8 26. h4 h6 27.
Rf6 hxg5 28. Rxg6+ Kf7 29. Rf6+ Ke7 30. h5 g4 31. Rf4 Rh8 32. Rxg4 Rxh5+ 33.
Kg1 Rxe5 34. Rg7+ Kd6 35. Rb7 Kc6 36. Re7 d4 37. f4 Re4 38. f5 exf5 39. Rxe4
fxe4 40. Kf2 d3 41. Ke3 Rg8 42. b4 axb4 43. a5 bxa5 44. g4 0-1

[Event "73. Bezirkseinzelmeisterschaft 2018-19"]
[Site "Dortmund"]
[Date "2019.08.16"]
[Round "5.13"]
[White "Sonntag, Hans-Joachim"]
[Black "Dementyev, Sergei"]
[Result "1-0"]
[WhiteElo "1700"]
[BlackElo "846"]
[PlyCount "69"]
[EventDate "2019.??.??"]
[WhiteTeam "FS 98 Dortmund"]
[BlackTeam "SF Brackel"]

1. e4 e5 2. Nf3 Nc6 3. Bb5 Nd4 4. Ba4 Nf6 5. c3 Ne6 6. d3 Bd6 7. Bc2 c5 8. Na3
Qc7 9. Nb5 Qc6 10. Nxd6+ Qxd6 11. O-O O-O 12. Re1 b5 13. Be3 Bb7 14. Qe2 a6 15.
Rad1 Qc7 16. Bc1 h6 17. d4 cxd4 18. cxd4 exd4 19. Nxd4 Nc5 20. f3 d5 21. e5
Nfd7 22. b4 Ne6 23. Qd3 g6 24. Nxe6 Qb6+ 25. Nc5 Nxc5 26. bxc5 Qxc5+ 27. Be3
Qc7 28. Bxh6 Rfe8 29. e6 Kh7 30. exf7 Qxf7 31. Bc1 Rg8 32. Qd2 Rg7 33. Bb2 Rag8
34. Qg5 Bc6 35. Qh5# 1-0

[Event "73. Bezirkseinzelmeisterschaft 2018-19"]
[Site "Dortmund"]
[Date "2019.08.16"]
[Round "5.14"]
[White "Pachura, Karl-Heinz"]
[Black "Rauschenbusch, Udo"]
[Result "0-1"]
[WhiteElo "1435"]
[BlackElo "1637"]
[PlyCount "182"]
[EventDate "2019.??.??"]
[WhiteTeam "SF Brackel"]
[BlackTeam "FS 98 Dortmund"]

1. e4 d6 2. d4 g6 3. Bd3 Bg7 4. c3 c6 5. Ne2 e5 6. O-O Ne7 7. f4 Bg4 8. h3 Bxe2
9. Bxe2 exd4 10. cxd4 Qb6 11. e5 dxe5 12. fxe5 Bxe5 13. Bc4 Qxd4+ 14. Qxd4
Bxd4+ 15. Kh1 O-O 16. Nd2 Nd7 17. Nf3 Bg7 18. Bg5 Nf5 19. Kh2 Nb6 20. Bb3 h6
21. Bf4 g5 22. Bd2 Bxb2 23. Rab1 Bg7 24. g4 Nd4 25. Nxd4 Bxd4 26. Rf5 Rfe8 27.
Bb4 Re2+ 28. Kh1 c5 29. Bxc5 Bxc5 30. Rxc5 Re3 31. Kg2 Rae8 32. Rf1 R3e7 33.
Rcf5 Rf8 34. Rf6 Kg7 35. Kg3 Nd7 36. R6f5 b6 37. h4 Nc5 38. hxg5 Ne4+ 39. Kg2
Nxg5 40. R1f2 Re4 41. Kg3 Re1 42. Kg2 Re7 43. Rf1 Rd8 44. R1f2 Rd6 45. Bc2 Rd4
46. Kg3 Re3+ 47. Kg2 Rxg4+ 48. Kf1 Rd4 49. Bb3 Re7 50. Rg2 f6 51. Rgf2 Rd6 52.
Bc2 Re3 53. R5f4 Rg3 54. Rc4 Rd7 55. Rc6 Rf3 56. Kg2 Rxf2+ 57. Kxf2 Re7 58. Rc4
f5 59. Kg3 Ne4+ 60. Kf4 Kf6 61. Rc6+ Re6 62. Rc7 a5 63. Bb3 Rd6 64. Rf7+ Kg6
65. Ke5 Rf6 66. Rd7 Nc5 67. Rd8 Nxb3 68. axb3 f4 69. Rg8+ Kf7 70. Rg2 f3 71.
Rf2 h5 72. Ke4 h4 73. Ke3 Ke6 74. Kd3 Kd5 75. Ke3 h3 76. Rd2+ Ke5 77. Kf2 Ke4
78. Rd8 Rg6 79. Re8+ Kd4 80. Kxf3 Rh6 81. Re4+ Kc3 82. Re3+ Kb4 83. Re4+ Ka3
84. Re1 h2 85. Rh1 Kxb3 86. Rb1+ Kc2 87. Rh1 a4 88. Kg3 a3 89. Kf3 a2 90. Kf4
Kb2 91. Kg5 a1=Q 0-1

[Event "73. Bezirkseinzelmeisterschaft 2018-19"]
[Site "Dortmund"]
[Date "2019.08.16"]
[Round "5.15"]
[White "Jentzsch, Werner Wilfried"]
[Black "Zabel, Reinhard"]
[Result "1-0"]
[WhiteElo "1338"]
[BlackElo "1417"]
[PlyCount "121"]
[EventDate "2019.??.??"]
[WhiteTeam "SF Brackel"]
[BlackTeam "DB Brambauer"]

1. d4 d5 2. Nc3 Nf6 3. Bf4 e6 4. e3 c5 5. Bb5+ Bd7 6. Nf3 a6 7. Bxd7+ Nbxd7 8.
O-O Rc8 9. Ne5 cxd4 10. exd4 Bb4 11. Ne2 O-O 12. c3 Ba5 13. Rc1 Nh5 14. Be3 Bc7
15. Nd3 Nhf6 16. Bg5 Bd6 17. Ne1 Bxh2+ 18. Kh1 Bd6 19. Nf3 Qc7 20. g3 Ne4 21.
Bf4 Ndf6 22. Bxd6 Qxd6 23. Ne5 Nd7 24. Nxd7 Qxd7 25. Kg2 f5 26. Rh1 Rf6 27. f3
Nd6 28. b3 Qf7 29. Nf4 g5 30. Nd3 g4 31. fxg4 fxg4 32. Qxg4+ Rg6 33. Qf4 Qxf4
34. Nxf4 Rf6 35. Rhe1 Ne4 36. c4 Rd8 37. Re2 Rd7 38. cxd5 exd5 39. Rc8+ Rf8 40.
Rxf8+ Kxf8 41. Nxd5 Rxd5 42. Rxe4 Kf7 43. Kf3 Rd7 44. Ke3 b5 45. Re5 Rd6 46.
Rf5+ Kg6 47. g4 Re6+ 48. Re5 Rc6 49. Rc5 Re6+ 50. Kf4 Rf6+ 51. Rf5 Re6 52. d5
Re1 53. d6 Rf1+ 54. Ke5 Re1+ 55. Kd5 Rd1+ 56. Kc6 Rc1+ 57. Rc5 Rd1 58. d7 Kf6
59. Kc7 Ke7 60. Re5+ Kf6 61. Re8 1-0

[Event "73. Bezirkseinzelmeisterschaft 2018-19"]
[Site "Dortmund"]
[Date "2019.08.16"]
[Round "5.16"]
[White "Fischer, Gerhard"]
[Black "Rabe, Mark"]
[Result "1/2-1/2"]
[WhiteElo "1330"]
[BlackElo "1134"]
[PlyCount "29"]
[EventDate "2019.??.??"]
[WhiteTeam "Marten-Bövinghausen"]
[BlackTeam "FS 98 Dortmund"]

1. b4 e5 2. Bb2 Bxb4 3. Bxe5 Nf6 4. c4 d6 5. Bb2 O-O 6. e3 c5 7. Nf3 Nc6 8. Be2
Ba5 9. O-O Bc7 10. h3 a6 11. d4 b6 12. Nc3 Bb7 13. d5 Ne7 14. Qc2 Bc8 15. Bd3
1/2-1/2

[Event "73. Bezirkseinzelmeisterschaft 2018-19"]
[Site "Dortmund"]
[Date "2019.08.16"]
[Round "5.17"]
[White "Bensch, Christian"]
[Black "Ait Khouya, Muhammad"]
[Result "1-0"]
[WhiteElo "1329"]
[BlackElo "1015"]
[PlyCount "39"]
[EventDate "2019.??.??"]
[WhiteTeam "SC Wambel 77"]
[BlackTeam "SF Brackel"]

1. d4 d5 2. Nc3 Nf6 3. Bf4 Nc6 4. Nb5 e5 5. Bxe5 Nxe5 6. dxe5 Nh5 7. e3 g6 8.
Be2 Ng7 9. Qxd5 Qxd5 10. Nxc7+ Kd7 11. Nxd5 Rb8 12. O-O-O Bc5 13. Nf3 Ke8 14.
Bb5+ Kf8 15. Nf6 a6 16. Rd8+ Ke7 17. Rxh8 axb5 18. Rxh7 Ne6 19. Rh8 Ra8 20.
Re8# 1-0

[Event "73. Bezirkseinzelmeisterschaft 2018-19"]
[Site "Dortmund"]
[Date "2019.08.16"]
[Round "5.18"]
[White "Maghrbi, Bassam"]
[Black "Kommessin, Sabine"]
[Result "1-0"]
[WhiteElo "1207"]
[BlackElo "966"]
[PlyCount "36"]
[EventDate "2019.??.??"]
[WhiteTeam "FS 98 Dortmund"]
[BlackTeam "DJK Ewaldi Aplerbeck"]

1. d4 d5 2. Bf4 Bf5 3. e3 Nf6 4. h3 e6 5. Nd2 Bd6 6. Bxd6 Qxd6 7. c3 O-O 8.
Ngf3 a6 9. Ne5 c5 10. Ndf3 cxd4 11. cxd4 Qb4+ 12. Qd2 Qa4 13. b3 Qa3 14. Be2
Ne4 15. Qc2 Qa5+ 16. Kf1 f6 17. Nd3 Nd7 18. g4 Bg6 {
Partien ab hier nicht mehr nachvollziehbar} 1-0

[Event "73. Bezirkseinzelmeisterschaft 2018-19"]
[Site "Dortmund"]
[Date "2019.08.16"]
[Round "5.19"]
[White "Böckmann, Lieselotte"]
[Black "Sahakyan, Tigran"]
[Result "0-1"]
[WhiteElo "958"]
[BlackElo "1172"]
[PlyCount "82"]
[EventDate "2019.??.??"]
[WhiteTeam "FS 98 Dortmund"]
[BlackTeam "SF Brackel"]

1. c4 e5 2. g3 Bc5 3. Bg2 d6 4. Nf3 Nf6 5. Nc3 Be6 6. d3 h6 7. O-O Qd7 8. Ne4
Nxe4 9. dxe4 Bxc4 10. b3 Ba6 11. Rb1 b5 12. Kh1 Bb7 13. Ne1 h5 14. Nd3 Bb6 15.
f4 h4 16. Nf2 hxg3 17. f5 Bxf2 18. h3 g6 19. Rxf2 gxf2 20. Qf1 gxf5 21. Qxf2
fxe4 22. Qg3 Nc6 23. Bg5 Rg8 24. Kh2 f6 25. h4 O-O-O 26. Bh3 f5 27. Rf1 Rgf8
28. Qe3 Kb8 29. Qd2 Ne7 30. Be3 Nc6 31. a4 b4 32. a5 Rh8 33. Bh6 Rh7 34. Qg5
Rdh8 35. Bxf5 Qf7 36. Bh3 Qxb3 37. Bg7 Rg8 38. Rf8+ Rxf8 39. Bxf8 Rf7 40. Qg8
Rf2+ 41. Bg2 Qxg8 0-1

[Event "73. Bezirkseinzelmeisterschaft 2018-19"]
[Site "Dortmund"]
[Date "2019.08.16"]
[Round "5.20"]
[White "Richter, Tim"]
[Black "Griese, Andreas"]
[Result "0-1"]
[WhiteElo "1276"]
[BlackElo "1170"]
[PlyCount "84"]
[EventDate "2019.??.??"]
[WhiteTeam "SV Eichlinghofen"]
[BlackTeam "SC Hansa Dortmund"]

1. e3 c5 2. b3 Nf6 3. c4 Nc6 4. Nc3 d6 5. a3 g6 6. Bd3 Bg7 7. Ra2 O-O 8. Bc2 e5
9. d3 Be6 10. e4 Qd7 11. Nge2 Nd4 12. Bb1 Kh8 13. h3 a6 14. a4 Nh5 15. Nd5 Qd8
16. Nxd4 cxd4 17. g4 Nf6 18. Bg5 Bxd5 19. exd5 h6 20. Bxf6 Bxf6 21. O-O Kg7 22.
f4 exf4 23. Rxf4 Bg5 24. Re4 Be3+ 25. Kg2 Qg5 26. Kh1 f5 27. gxf5 Qxf5 28. Re7+
Rf7 29. Rxf7+ Qxf7 30. Rb2 Rf8 31. Qe2 Qf5 32. Qg2 Qf1+ 33. Qxf1 Rxf1+ 34. Kh2
g5 35. Ba2 h5 36. Kg3 Kf6 37. b4 Kf5 38. Bb3 h4+ 39. Kh2 Kf4 40. Rg2 Kf3 41. b5
Bf4+ 42. Rg3+ Bxg3# 0-1

[Event "73. Bezirkseinzelmeisterschaft 2018-19"]
[Site "Dortmund"]
[Date "2019.08.20"]
[Round "6.1"]
[White "Slanina, Aaron"]
[Black "Strack, Patrick"]
[Result "1-0"]
[WhiteElo "1808"]
[BlackElo "1627"]
[PlyCount "95"]
[EventDate "2019.??.??"]
[WhiteTeam "SF Brackel"]
[BlackTeam "SF Brackel"]

1. e4 e5 2. Nf3 Nc6 3. Bb5 Nd4 4. Nxd4 exd4 5. d3 c6 6. Bc4 Nf6 7. O-O d5 8.
exd5 Nxd5 9. Nd2 Be7 10. Re1 O-O 11. Qf3 Nf6 12. Ne4 Re8 13. Bg5 Be6 14. Bxe6
fxe6 15. Bxf6 Bxf6 16. Re2 Qe7 17. Rae1 Rf8 18. Qg4 Rae8 19. f4 g6 20. g3 Kg7
21. Nd2 Kf7 22. a3 Qd7 23. Re4 Re7 24. b4 Qd5 25. Nb3 Rfe8 26. Qe2 e5 27. fxe5
Rxe5 28. Qf3 Rf5 29. Qxf5 gxf5 30. Rxe8 Bg5 31. R8e5 Qd6 32. Rxf5+ Kg6 33. Ree5
Be3+ 34. Kg2 Qd7 35. Nc5 Qxf5 36. Rxf5 Kxf5 37. Nxb7 Bc1 38. Nd6+ Ke6 39. Nc4
Kd5 40. Kf3 h5 41. h4 c5 42. b5 Ke6 43. a4 Bh6 44. a5 Bf8 45. g4 Be7 46. gxh5
Bxh4 47. Ke4 Bg5 48. a6 1-0

[Event "73. Bezirkseinzelmeisterschaft 2018-19"]
[Site "Dortmund"]
[Date "2019.08.20"]
[Round "6.2"]
[White "Grube, Jörg"]
[Black "Luft, Dennis"]
[Result "0-1"]
[WhiteElo "1815"]
[BlackElo "2299"]
[PlyCount "61"]
[EventDate "2019.??.??"]
[WhiteTeam "FS 98 Dortmund"]
[BlackTeam "SF Brackel"]

1. Nf3 d5 2. d4 e6 3. c4 Nf6 4. Nc3 Bb4 5. Qa4+ Nc6 6. Ne5 Bd7 7. Nxc6 Bxc3+ 8.
bxc3 Bxc6 9. Qb3 dxc4 10. Qxc4 Ne4 11. h4 Bd5 12. Qd3 c5 13. dxc5 Qa5 14. Rh3
Nxc5 15. Qb1 Rc8 16. Qb4 Nb3 17. Qxa5 Nxa5 18. Rg3 Rg8 19. h5 f6 20. h6 g6 21.
Rd3 Nc4 22. f3 Ne5 23. Rd4 Rxc3 24. e4 Bc6 25. Bf4 Rxf3 26. Bxe5 fxe5 27. Rd6
Re3+ 28. Kf2 Rxe4 29. Rad1 Ke7 30. Ba6 Bd5 31. Bxb7 0-1

[Event "73. Bezirkseinzelmeisterschaft 2018-19"]
[Site "Dortmund"]
[Date "2019.08.20"]
[Round "6.3"]
[White "Burchert, Wolfgang"]
[Black "Wichtrup, Jan-Louis"]
[Result "0-1"]
[WhiteElo "2057"]
[BlackElo "2170"]
[PlyCount "40"]
[EventDate "2019.??.??"]
[WhiteTeam "Hansa Dortmund"]
[BlackTeam "DSV 1875"]

1. d4 d5 2. Bf4 Nf6 3. e3 c5 4. dxc5 e6 5. b4 Bd7 6. c3 a5 7. Qb3 axb4 8. cxb4
b6 9. cxb6 Qxb6 10. b5 Ne4 11. Nf3 Qa5+ 12. Nbd2 Bb4 13. Rd1 O-O 14. Be5 Rc8
15. Qb1 Bxb5 16. Bd3 Nxd2 17. Bxh7+ Kh8 18. Nxd2 Nd7 19. Ba1 Rab8 20. Bc2 Bd3
0-1

[Event "73. Bezirkseinzelmeisterschaft 2018-19"]
[Site "Dortmund"]
[Date "2019.08.20"]
[Round "6.4"]
[White "Richter, Jan"]
[Black "Krug, Michael"]
[Result "1/2-1/2"]
[WhiteElo "1745"]
[BlackElo "1891"]
[PlyCount "61"]
[EventDate "2019.??.??"]
[WhiteTeam "SV Eichlinghofen"]
[BlackTeam "SC Wambel 77"]

1. f4 c5 2. Nf3 Nc6 3. g3 g6 4. Bg2 Bg7 5. O-O d6 6. d3 Nf6 7. Qe1 O-O 8. a3
Bg4 9. e3 Qd7 10. Nc3 e5 11. fxe5 Nxe5 12. Nxe5 dxe5 13. e4 h6 14. Be3 Rac8 15.
a4 Be6 16. b3 Ng4 17. Bd2 Nf6 $11 18. Nd1 Qd4+ 19. Ne3 Ng4 20. h3 Nxe3 21. Bxe3
Qd7 22. Kh2 a6 23. a5 Qb5 24. g4 g5 25. Bf3 Qd7 26. Qf2 Qe7 27. Kg2 Rc6 28. Rh1
Rfc8 29. h4 f6 30. Kg3 Qc7 31. h5 1/2-1/2

[Event "73. Bezirkseinzelmeisterschaft 2018-19"]
[Site "Dortmund"]
[Date "2019.08.20"]
[Round "6.5"]
[White "Sprungala, Erik"]
[Black "Schulz-Runge, Michael"]
[Result "0-1"]
[WhiteElo "1833"]
[BlackElo "1758"]
[PlyCount "76"]
[EventDate "2019.??.??"]
[WhiteTeam "Rochade Eving"]
[BlackTeam "FS 98 Dortmund"]

1. d4 Nf6 2. c4 e6 3. Nc3 c5 4. d5 d6 5. e4 Be7 6. Be2 O-O 7. f4 exd5 8. cxd5
a6 9. a4 Re8 10. Nf3 Bf8 11. Nd2 c4 12. Qc2 Bg4 13. Nxc4 Nbd7 14. O-O Bxe2 15.
Qxe2 Nxe4 16. Nxe4 f5 17. Be3 Rxe4 18. Nd2 Re8 19. Qf3 Rc8 20. Rac1 Qa5 21. b3
Nf6 22. Rxc8 Rxc8 23. Nc4 Qxd5 24. Qxd5+ Nxd5 25. Bc1 Nc3 26. Ba3 Ne4 27. Rd1
b5 28. axb5 axb5 29. Nb6 Rc6 30. Nd5 Kf7 31. Bb4 Ke6 32. Ne3 g6 33. g3 Bg7 34.
Rd5 Nc3 35. Rd3 d5 36. Kg2 d4 37. Nc2 Ne2 38. Kf3 Rxc2 0-1

[Event "73. Bezirkseinzelmeisterschaft 2018-19"]
[Site "Dortmund"]
[Date "2019.08.20"]
[Round "6.6"]
[White "Rauschenbusch, Udo"]
[Black "Kantor, Nikita"]
[Result "0-1"]
[WhiteElo "1637"]
[BlackElo "1847"]
[PlyCount "104"]
[EventDate "2019.??.??"]
[WhiteTeam "FS 98 Dortmund"]
[BlackTeam "SF Brackel"]

1. Nf3 b6 2. g3 Bb7 3. Bg2 Nf6 4. O-O e6 5. c4 Be7 6. Nc3 O-O 7. d4 Ne4 8. Qc2
Nxc3 9. bxc3 f5 10. Nd2 Bxg2 11. Kxg2 Qc8 12. e4 d6 13. f4 Na6 14. Nf3 Qb7 15.
Re1 Rae8 16. Bd2 Bf6 17. Re2 Qc6 18. Qd3 fxe4 19. Rxe4 e5 20. Rae1 exf4 21.
Rxe8 Rxe8 22. Rxe8+ Qxe8 23. Bxf4 Qc6 24. Kf2 Nb8 25. Qe2 Kf7 26. Ng5+ Bxg5 27.
Bxg5 Qd7 28. Qe4 g6 29. Kg2 Qc6 30. d5 Qd7 31. g4 Kg8 32. h3 Qf7 33. Be3 Nd7
34. Bd4 $11 Kf8 35. Qe3 Nb8 36. Qg5 Ke8 37. Bf6 Nd7 38. Qe3+ Kf8 39. Bd4 Nb8
40. Qh6+ Ke8 41. Qe3+ Kd7 42. a4 c5 43. Bh8 Qe8 44. Qxe8+ Kxe8 45. Bf6 Nd7 46.
Bg5 Ne5 47. h4 Nxc4 48. h5 Nb2 49. Kf3 Nxa4 50. Bf6 b5 51. Ke4 Nb6 52. Kd3 Nxd5
0-1

[Event "73. Bezirkseinzelmeisterschaft 2018-19"]
[Site "Dortmund"]
[Date "2019.08.20"]
[Round "6.7"]
[White "Schacht, Jürgen"]
[Black "Krams, Amatus"]
[Result "1/2-1/2"]
[WhiteElo "1462"]
[BlackElo "1729"]
[PlyCount "55"]
[EventDate "2019.??.??"]
[WhiteTeam "Rochade Eving"]
[BlackTeam "Rochade Eving"]

1. f4 d5 2. Nf3 Nf6 3. e3 c5 4. b3 Nc6 5. Bb5 Bd7 6. Bb2 a6 7. Bxc6 Bxc6 8. Ne5
Qc7 9. O-O b5 10. Nxc6 Qxc6 11. Qf3 g6 12. d3 Bg7 13. Nd2 O-O 14. c4 e6 15. g4
Qd7 16. g5 Nh5 17. Bxg7 Nxg7 18. Rad1 dxc4 19. dxc4 Qc7 20. Ne4 Nh5 21. Nf6+
Nxf6 22. gxf6 Rad8 23. e4 Qc6 24. Kg2 bxc4 25. bxc4 Rd4 26. Rxd4 cxd4 27. Qd3
Rc8 28. Rc1 1/2-1/2

[Event "73. Bezirkseinzelmeisterschaft 2018-19"]
[Site "Dortmund"]
[Date "2019.08.20"]
[Round "6.8"]
[White "Tomasjan, Samuel"]
[Black "Sonntag, Hans-Joachim"]
[Result "1-0"]
[WhiteElo "1662"]
[BlackElo "1700"]
[PlyCount "113"]
[EventDate "2019.??.??"]
[WhiteTeam "SF Brackel"]
[BlackTeam "FS 98 Dortmund"]

1. e4 c5 2. Nf3 d6 3. d4 cxd4 4. Nxd4 a6 5. Bd3 Nc6 6. Nxc6 bxc6 7. c4 Nf6 8.
Nc3 g6 9. Be3 Bg7 10. Qd2 Ng4 11. O-O O-O 12. Rad1 Nxe3 13. Qxe3 Rb8 14. Bc2 c5
15. Bb3 Bg4 16. Rd3 Re8 17. Ba4 Rf8 18. b3 Bd4 19. Qg5 Bd7 20. Bxd7 Qxd7 21.
Nd5 Rbe8 22. Kh1 Kg7 23. Rh3 Rh8 24. Qh6+ Kg8 25. f4 Qg4 26. Rhf3 e6 27. Ne3
Bxe3 28. Rxe3 f6 29. h3 Qh5 30. Qxh5 gxh5 31. Rd1 Rd8 32. Red3 Kf7 33. Rxd6 Ke7
34. e5 f5 35. Kg1 a5 36. Kf2 Rb8 37. Rd7+ Ke8 38. Ra7 Rc8 39. Rxa5 Kf7 40. Ra7+
Kg6 41. Rd6 Rhe8 42. Rdd7 Rh8 43. Rg7+ Kh6 44. Rge7 Rce8 45. Rxe8 Rxe8 46. a4
Rb8 47. Ra6 Rxb3 48. Rxe6+ Kg7 49. Rc6 Rb2+ 50. Kg1 Rb1+ 51. Kh2 Rf1 52. Rxc5
Rxf4 53. a5 Rf1 54. a6 Ra1 55. Rc7+ Kg6 56. a7 f4 57. e6 1-0

[Event "73. Bezirkseinzelmeisterschaft 2018-19"]
[Site "Dortmund"]
[Date "2019.08.20"]
[Round "6.9"]
[White "Barskij, Aleksandr"]
[Black "Surmann, Christoph"]
[Result "1/2-1/2"]
[WhiteElo "1890"]
[BlackElo "1764"]
[PlyCount "153"]
[EventDate "2019.??.??"]
[WhiteTeam "SF Brackel"]
[BlackTeam "DSV 1875"]

1. e4 c6 2. d4 d5 3. Nc3 dxe4 4. Nxe4 Bf5 5. Ng3 Bg6 6. Nh3 Nf6 7. Bc4 e6 8.
Nf4 Bd6 9. c3 O-O 10. Nxg6 hxg6 11. Qf3 Qc7 12. O-O Nbd7 13. h3 c5 14. dxc5
Bxc5 15. Bb3 Qb6 16. Ne4 Nxe4 17. Qxe4 Nf6 18. Qe2 a5 19. Bg5 a4 20. Bc4 Qc6
21. Bb5 Qd5 22. Bxf6 gxf6 23. Rad1 Qg5 24. Kh1 Qe5 $11 25. Qxe5 fxe5 26. g3 a3
27. b4 Be7 28. Rd7 Bf6 29. Rxb7 Rfd8 30. Bd7 e4 31. Rc1 Ra6 32. b5 Rd6 33. Bc6
Rd1+ 34. Rxd1 Rxd1+ 35. Kg2 Bxc3 36. Be8 e3 37. Bxf7+ Kf8 38. fxe3 Rd2+ 39. Kf3
Rxa2 40. Bxe6 Rb2 41. Ra7 Rxb5 42. Rxa3 Bb2 43. Rb3 Rxb3 44. Bxb3 Ke7 45. h4
Kf6 $11 46. g4 Be5 47. g5+ Kg7 48. Kg4 Bc3 49. h5 gxh5+ 50. Kf5 h4 51. e4 h3
52. e5 h2 53. Bd5 Kf8 54. Kf6 Bd2 55. g6 Bh6 56. Bc6 Bg7+ 57. Ke6 Bh6 58. Kf6
Bg7+ 59. Kf5 Ke7 $11 60. Bh1 Bh6 61. Be4 Bg7 62. Bd5 Bh6 63. Kg4 Bg7 64. Kf4
Bh6+ 65. Kf5 Bg7 66. Bc6 Bh6 67. Bf3 Bg7 68. Bh1 Bh6 69. Bd5 Bg7 70. Ba8 Bh6
71. e6 Bg7 72. Bg2 Bf6 73. Bd5 Bg7 74. Bf3 Bf6 75. Bg2 Bg7 76. Bd5 Bf6 77. Bh1
$11 1/2-1/2

[Event "73. Bezirkseinzelmeisterschaft 2018-19"]
[Site "Dortmund"]
[Date "2019.08.20"]
[Round "6.11"]
[White "Ziemek, Gerhard"]
[Black "Kaluza, Lucas"]
[Result "0-1"]
[WhiteElo "1519"]
[BlackElo "1528"]
[PlyCount "92"]
[EventDate "2019.??.??"]
[WhiteTeam "Marten-Bövinghausen"]
[BlackTeam "SF Brackel"]

1. d4 Nf6 2. Nc3 d5 3. e4 Nxe4 4. Nxe4 dxe4 5. f3 e5 6. d5 c6 7. Bc4 Bc5 8. c3
Bxg1 9. Rxg1 exf3 10. Bb3 Qh4+ 11. g3 Qxh2 12. Be3 Bg4 13. Bf2 Qxg1+ 14. Bxg1
f2+ 15. Bxf2 Bxd1 16. Rxd1 cxd5 17. Bxd5 Nc6 18. Bc5 Rd8 19. c4 h5 20. b4 h4
21. gxh4 a6 22. a4 Rxh4 23. b5 axb5 24. axb5 Nd4 25. Kf2 Rxd5 26. cxd5 Nxb5 27.
Rb1 Nc3 28. Rxb7 Nxd5 29. Kg3 g5 30. Rb8+ Kd7 31. Rf8 Ke6 32. Re8+ Kf5 33. Rd8
Rg4+ 34. Kh2 Ke4 35. Ra8 f5 36. Ra4+ Kf3 37. Ra3+ Ke2 38. Ra2+ Kd3 39. Ra3+ Kc4
40. Bd6 e4 41. Ra5 f4 42. Ra4+ Kd3 43. Bc5 Rh4+ 44. Kg1 Nc3 45. Rd4+ Ke2 46.
Bb4 f3 0-1

[Event "73. Bezirkseinzelmeisterschaft 2018-19"]
[Site "Dortmund"]
[Date "2019.08.20"]
[Round "6.12"]
[White "Borch, Roland"]
[Black "Maghrbi, Bassam"]
[Result "1/2-1/2"]
[WhiteElo "1520"]
[BlackElo "1207"]
[PlyCount "93"]
[EventDate "2019.??.??"]
[WhiteTeam "Marten-Bövinghausen"]
[BlackTeam "FS 98 Dortmund"]

1. e3 d5 2. b3 Nf6 3. Bb2 Bf5 4. Nf3 Nbd7 5. c4 e6 6. d4 Be7 7. Nc3 Ne4 8. cxd5
Nxc3 9. Bxc3 exd5 10. Be2 Be4 11. Bd3 Nf6 12. Ne5 a6 13. f3 Bxd3 14. Qxd3 O-O
15. O-O Bd6 16. a3 a5 17. Qf5 g6 18. Qh3 Re8 19. Rae1 Bxa3 20. e4 c6 21. Ng4
Nxg4 22. Qxg4 Bb4 23. Bxb4 axb4 24. e5 Re6 25. f4 h5 26. Qd1 Qh4 27. f5 gxf5
28. Rxf5 Rg6 29. Qf3 Qe7 30. Rf1 Rf8 31. Rxh5 Rg5 32. Qh3 Rxh5 33. Qxh5 Kg7 34.
Rf6 Rh8 35. Qf5 Rh6 36. e6 Rh7 37. g4 Kg8 38. exf7+ Rxf7 39. Rxf7 Qxf7 40.
Qxf7+ Kxf7 41. h4 Kf6 42. Kf2 b6 43. Ke3 c5 44. dxc5 bxc5 45. Kd3 Kg6 46. Kd2
Kh6 47. Kd3 1/2-1/2

[Event "73. Bezirkseinzelmeisterschaft 2018-19"]
[Site "Dortmund"]
[Date "2019.08.20"]
[Round "6.13"]
[White "Jentzsch, Wilfried W"]
[Black "Pachura, Karl-Heinz"]
[Result "1-0"]
[WhiteElo "1338"]
[BlackElo "1435"]
[PlyCount "97"]
[EventDate "2019.??.??"]
[WhiteTeam "SF Brackel"]
[BlackTeam "SF Brackel"]

1. d4 d5 2. Bf4 e6 3. Nf3 Nf6 4. Nc3 a6 5. e3 Bb4 6. a3 Bxc3+ 7. bxc3 Ne4 8. c4
dxc4 9. Bxc4 O-O 10. Bd3 Nc3 11. Qd2 Nd5 12. Bg3 f5 13. c4 Nf6 14. Qc2 Nbd7 15.
Bh4 c5 16. e4 fxe4 17. Bxe4 h6 18. d5 e5 19. O-O Qe8 20. Bg6 Qe7 21. Rfe1 Qd6
22. Bg3 Ng4 23. Bf5 h5 24. Be6+ Kh8 25. Ng5 Ngf6 26. Nf7+ Rxf7 27. Bxf7 Ng4 28.
Bxh5 Nh6 29. Qg6 Qe7 30. Qe8+ Qxe8 31. Bxe8 Nb6 32. Rac1 Bd7 33. Bxd7 Nxd7 34.
Bxe5 Nf5 35. g4 Nxe5 36. Rxe5 Nd4 37. Kg2 Rd8 38. Rc3 Rd6 39. g5 Kh7 40. Kg3
Kg6 41. Kg4 Rd8 42. f4 Rf8 43. h4 b5 44. cxb5 axb5 45. Rxc5 b4 46. axb4 Ne2 47.
Rc6+ Kh7 48. g6+ Kg8 49. Rxe2 1-0